01058njm a2200265Ia 4500001000600000003000900006005001700015008004100032040001300073040001300086041001100099100002000110100001800130100003800148245002700186250001100213260000900224260007900233300001700312300002900329500002200358505029100380650005700671700006400728D7002IT-RoPAU20220918181126.0131025s9999 xx 000 0 und d aIT-RoPAU cIT-RoPAU aLATINO aAmici Cantores  eAutore musica gCodice autore musica SPICS: 45892 aVerbum caro factum est a1a ed. aROMA bEP - MUSICALI E DISCOGRAFICHEc1995 [1a Ed.:1995 - Ed. Lingua Orig.: 1995] aCOMPACT DISC c53 minuti (Testo: pag.) aMusica religiosa. aVerbum caro factum est - Quem vidistis, pastores? - Christe, redemptor omnium - Puer natus est - Hodie Christus natus est - Domine, Dominus noster - Lapidabant Stephanum - Vox in Rama - Felix namque - Omnes de Saba - Magi viderut stellam - Senex puerum portabat - Alma redemptoris mater aRELIGIOSO [COMPACT DISC]eCodice MATERIA SPICS: 9949 aAmici Cantores gCodice interprete SPICS: 45892eInterprete